000 00894nas a2200301 4500
001 BR2014004531
003 BR-BrBNA
005 20231205124259.0
007 ta
008 230509b bl.|||p| |||| 00| 00por d
040 _aBR-BrBNA
_bpor
_cBiblioteca Nacional de Agricultura
041 _a(Pt)
072 _aL73; L70
100 1 _aSilva, A.C.
100 1 _aMuzzi, R.A.L.
100 1 _aOberlender, G.
100 1 _aMuzzi, L.A.L.
100 1 _aCoelho, M.R.
100 1 _aNogueira, R.B.
245 1 _aMitral flow propagation velocity in non-sedated healthy cats
650 _aGATO
650 _aCARDIOPATIA
650 _aRADIOGRAFIA
650 _aPRESSÃO ARTERIAL
773 0 _tArquivo Brasileiro de Medicina Veterinária e Zootecnia (Brazil)
_xISSN 0102-0935
_g(Feb 2014), v. 66(1) p. 15-21
_wBR2014004531
909 _a202311
_bLúcia
_c55
_dLúcia Elande
942 _2AGRIS
_n0
_cANA
999 _c238270
_d238270